Oil and class struggle / (Record no. 69797)
[ view plain ]
| 000 -LEADER | |
|---|---|
| fixed length control field | 00923cam a2200301 i 4500 |
| 001 - CONTROL NUMBER | |
| control field | 4676889 |
| 003 - CONTROL NUMBER IDENTIFIER | |
| control field | BD-DhUL |
| 005 - DATE AND TIME OF LATEST TRANSACTION | |
| control field | 20160525140740.0 |
| 008 - FIXED-LENGTH DATA ELEMENTS--GENERAL INFORMATION | |
| fixed length control field | 800814s1980 enka b 001 0 eng |
| 010 ## - LIBRARY OF CONGRESS CONTROL NUMBER | |
| LC control number | 80670162 |
| 015 ## - NATIONAL BIBLIOGRAPHY NUMBER | |
| National bibliography number | GB*** |
| 020 ## - INTERNATIONAL STANDARD BOOK NUMBER | |
| International Standard Book Number | 090576238X : |
| Terms of availability | £12.95 ($18.95 U.S.) |
| 020 ## - INTERNATIONAL STANDARD BOOK NUMBER | |
| Canceled/invalid ISBN | 0905762265 (pbk.) : |
| Terms of availability | £3.95 ($7.95 U.S.) |
| 040 ## - CATALOGING SOURCE | |
| Original cataloging agency | DLC |
| Transcribing agency | DLC |
| Modifying agency | DLC |
| -- | BD-DhUL |
| 050 00 - LIBRARY OF CONGRESS CALL NUMBER | |
| Classification number | HD9560.6 |
| Item number | .O34 |
| 082 00 - DEWEY DECIMAL CLASSIFICATION NUMBER | |
| Classification number | 338.2728 |
| Edition number | 19 |
| Item number | NOO |
| 245 00 - TITLE STATEMENT | |
| Title | Oil and class struggle / |
| Statement of responsibility, etc. | edited by Petter Nore and Terisa Turner. |
| 260 ## - PUBLICATION, DISTRIBUTION, ETC. (IMPRINT) | |
| Place of publication, distribution, etc. | London : |
| Name of publisher, distributor, etc. | Zed, |
| Date of publication, distribution, etc. | 1980. |
| 300 ## - PHYSICAL DESCRIPTION | |
| Extent | 307 p. : |
| Other physical details | ill. ; |
| Dimensions | 22 cm. |
| 365 ## - TRADE PRICE | |
| Price type code | BDT |
| Price amount | 947.50 |
| 490 #0 - SERIES STATEMENT | |
| Series statement | Zed imperialism series. |
| 504 ## - BIBLIOGRAPHY, ETC. NOTE | |
| Bibliography, etc | Includes bibliographical references and index. |
| 650 #0 - SUBJECT ADDED ENTRY--TOPICAL TERM | |
| Topical term or geographic name as entry element | Petroleum industry and trade. |
| 700 1# - ADDED ENTRY--PERSONAL NAME | |
| Personal name | Nore, Petter. |
| 700 1# - ADDED ENTRY--PERSONAL NAME | |
| Personal name | Turner, Terisa. |
| 906 ## - LOCAL DATA ELEMENT F, LDF (RLIN) | |
| a | 7 |
| b | cbc |
| c | orignew |
| d | 2 |
| e | ncip |
| f | 19 |
| g | y-gencatlg |
| 942 ## - ADDED ENTRY ELEMENTS (KOHA) | |
| Source of classification or shelving scheme | |
| Koha item type | Books |
| Price effective from | Date last seen | Permanent Location | Not for loan | Date acquired | Source of classification or shelving scheme | Koha item type | Lost status | Withdrawn status | Copy number | Source of acquisition | Collection code | Damaged status | Shelving location | Barcode | Current Location | Full call number |
|---|---|---|---|---|---|---|---|---|---|---|---|---|---|---|---|---|
| 2016-05-25 | 2016-05-25 | Dhaka University Library | 1983-06-06 | Books | 1 | Purchased | Non Fiction | General Stacks | A218949 | Dhaka University Library | 338.2728 NOO |
